000 00692nam a2200217 4500
001 139919
003 ES-MaACL
005 20240525062948.0
007 t|
008 070214s1960 sp r ||||1| baq d
080 _a087.5:82
100 1 _aSchmid, Christoph von,
_d1768-1854
_9104449
245 1 0 _aBrabante-ko Genoveva-ren bizitz arrigarri miragarria /
_cegillea, Kristobal Schmid ; euskeratzallea, Gregorio Arrue.
260 _aZarautz :
_bItxaropena,
_c1960.
300 _a141 p. ;
_c18 cm.
490 1 _aAuñamendi ;
_v1
700 1 _aArrúe, Gregorio.
_923392
830 0 _aAuñamendi ;
_v1
_9186418
852 _aES-MaACL
_jC-18714
_bR.46639
999 _c139919
_d139919